Problem del socialismo

Sparad:
Bibliografiska uppgifter
Materialtyp: Bok
Språk:Undetermined
Publicerad: New York 1975
Ämnen:
Taggar: Lägg till en tagg
Inga taggar, Lägg till första taggen!
Thư viện lưu trữ: Trung tâm Học liệu Trường Đại học Cần Thơ
LEADER 00358nam a2200145Ia 4500
001 CTU_86832
008 210402s9999 xx 000 0 und d
082 |a 335 
082 |b P962 
245 0 |a Problem del socialismo 
260 |a New York 
260 |c 1975 
650 |a Socialism 
910 |a Năm 
980 |a Trung tâm Học liệu Trường Đại học Cần Thơ